000 00549nam a22001697a 4500
008 160823b xxu||||| |||| 00| 0 eng d
020 _a9710863444
082 _22003
_aDFil 959.9
_bZ13
100 _913555
_aZulueta, Francisco M.
245 _aPhilippine history and government through the years/
_cFrancisco M. Zulueta
260 _aMandaluyong City:
_bNational Book Store,
_cc2003.
300 _av, 347 pages:
_c22 cm.
650 0 _913556
_aPhilippines
_xHistory
700 _913557
_aNebres, Abriel M.
365 _b295.00
_cPhp.
942 _2ddc
_cDFIL
999 _c4071
_d4071